00320nam a2200121Ia 4500008004100000041000800041082001500049100002500064245002900089260002900118300001800147520003300165240719s9999 xx 000 0 und d aeng a657.02 SRI aShrinivasan Anand G. aGuide To New Schedule VI aNew DelhibTAXMAN,c2011 a568.; P 23 Cm aGifted By : Prof. Pawan Jain